| 000 | 00716cab a2200265 4500 | ||
|---|---|---|---|
| 001 | ABS45557 | ||
| 008 | 090401t1991 xxu||||| |||| 00| 0 eng d | ||
| 035 | _a(Sirsi) u53712 | ||
| 041 | _aeng | ||
| 245 | _aLancashire | ||
| 260 | _c1991 | ||
| 350 | _a0 | ||
| 490 |
_aEstates Times _v(1124) 13 December 1991, 19-21(4) |
||
| 520 | _aThis "Estates Times" survey reviews the industrial, office an retail markets in the county. | ||
| 650 | _aALLEN GROUP | ||
| 650 | _aBLACKBURN | ||
| 650 | _aCHORLEY | ||
| 650 | _aLANCASHIRE | ||
| 650 | _aPRESTON | ||
| 650 | _aSKELMERSDALE | ||
| 650 | _aWIGAN | ||
| 690 | _aPROPERTY-COMMERCIAL PROPERTY-COMMERCIAL PROPERTY MARKET | ||
| 942 | _n0 | ||
| 948 | _c04/03/1997 | ||
| 999 |
_c33046 _d33046 |
||